| 000 | 00966nam a2200205Ia 4500 | ||
|---|---|---|---|
| 003 | OSt | ||
| 005 | 20241029083612.0 | ||
| 007 | ca aa aaaaa | ||
| 008 | 201103s9999 xx 000 0 und d | ||
| 040 | _cSSBUL | ||
| 041 | _abur | ||
| 082 |
_223 _a၂၉၄.၃၀၇ မောင် _b၉၂၁၆ S-SAT |
||
| 100 | 0 |
_a မောင်လွန်း၊ ဥုး၊ ဆရာကြီး (ဓမ္မာစရိယ) _954830 |
|
| 245 | 1 | 0 |
_aဗုဒ္ဓဘာသာ(၅)ဆင့်သင်တန်း / _cဆရာကြီး ဥုးမောင်လွန်း(ဓမ္မာစရိယ)။ |
| 260 |
_aရန်ကုန် ၊ _bမြတ်ပုံနှိပ်တိုက်၊ _c၁၉၇၈။ |
||
| 300 |
_aထ၊ ၁၉၉စာမျက်နှာ ၊ _c၁၈ စင်တီ။ |
||
| 500 | _aS-SAT: Dr. Sai Aung Tun | ||
| 650 |
_aဗုဒ္ဓဘာသာ _xသင်ယူလေ့လာခြင်း _954831 |
||
| 942 |
_2ddc _cBK1 |
||
| 999 |
_c16778 _d16778 |
||